000 00817cam a2200265Ia 4500
001 42955
005 20230410103916.0
008 880801s2004 vm 000 0 spa d
035 _a(OCoLC)ocm18297164
040 _aRMP
_cRMP
_dOCLCQ
_dDRFGD
035 _a(OCoLC)18297164
050 1 4 _a438 DS 553.1
_bV872g 2004
049 _aGRAL
100 1 _aVo, Nguyen Giap,
_d1912-
245 1 0 _aGuerra del pueblo, ejército del pueblo.
_bDien Bien Fu. Prólogo de Ernesto Che Guevara.
260 _a[Ha Noi, Vietnam] :
_bEditorial The Gioi,
_c2004
300 _a217 p.
_c18 cm.
440 0 _aMemorias de Guerra
651 0 _aIndochina
_xHistory
_y1945-
651 0 _aVietnam (Democratic Republic)
_xHistory.
651 0 _aDien Bien Ph̀u (Vietnam)
740 0 1 _aDien Bien Fu.
942 _2lcc
_cbk
994 _aC0
_bDRFGD
999 _c28220
_d28220